[Event "Just a Plain Tournament"]
[Site "SchemingMind.com"]
[Date "2008.11.20"]
[Round "-"]
[White "Mikael Hakim"]
[Black "bartleby en passant"]
[Result "1-0"]
[WhiteCountry "INT"]
[BlackCountry "IRL"]
[WhiteElo "2003"]
[WhiteRD "78"]
[BlackElo "1541"]
[BlackRD "86"]
[GameID "179195"]

1. e4 c5 2. Nf3 Nc6 3. Bb5 e5 4. d3 Nd4 5. Nxd4 exd4 6. O-O a6 7. Bc4 d6 8. f4 g6 9. c3 Bg7 10. f5 gxf5
11. exf5 Qf6 12. Qh5 Qe7 13. Bg5 Nf6 14. Qh4 O-O 15. Nd2 h6 16. Bxf6 Qxf6 17. Qxf6 Bxf6 18. Ne4 Be5 19. Rf3 dxc3 20. bxc3 Bd7
21. Bd5 Bc6 22. Bxc6 bxc6 23. Rh3 Kg7 24. f6+ Bxf6 25. Nxf6 Kxf6 26. Rxh6+ Ke7 27. Rb1 Rab8 28. Re1+ Kd7 29. Rf6 d5 30. Rf2 a5
31. Rfe2 Rbe8 32. Rxe8 Rxe8 33. Rxe8 Kxe8 34. Kf2 Ke7 35. Kf3 Kf6 36. Kf4 a4 37. g4 Kg6 38. h4 f6 39. h5+ Kg7 40. Kf5 a3
41. h6+ Kxh6 42. Kxf6 d4 43. c4 Kh7 44. g5 Kg8 45. Kg6
1-0

[Event "Just a Plain Tournament"]
[Site "SchemingMind.com"]
[Date "2008.11.18"]
[Round "-"]
[White "IncitatoX"]
[Black "jtrochez1"]
[Result "0-1"]
[WhiteCountry "ARG"]
[BlackCountry "HON"]
[WhiteElo "1397"]
[WhiteRD "107"]
[BlackElo "1532"]
[BlackRD "50"]
[GameID "179287"]

1. e4 e5 2. Nf3 Nc6 3. Bb5 d6 4. c3 Bd7 5. d4 exd4 6. cxd4 Nge7 7. Nc3 a6 8. Ba4 h6 9. O-O Ng6 10. Ne2 Be7
11. Bc2 O-O 12. Ng3 Bf6 13. Nf5 Bxf5 14. exf5 Nge7 15. h3 Nd5 16. b3 Ndb4 17. Bb1 Nd5 18. Nh2 Bxd4 19. Be4 Bxa1 20. Bxd5 Bf6
21. Ng4 Bg5 22. f4 Bf6 23. Qf3 Nd4 24. Qf2 c6 25. Bc4 d5 26. Bd3 Re8 27. Qg3 Re2 28. Nxh6+ Kf8 29. Nxf7 Kxf7 30. Qg6+ Kg8
31. Bxe2 Nxe2+ 32. Kf2 Nxc1 33. Rxc1 d4 34. g4 d3 35. Rd1 Qd4+ 36. Ke1 Qe3+
0-1

[Event "Just a Plain Tournament"]
[Site "SchemingMind.com"]
[Date "2008.11.16"]
[Round "-"]
[White "IncitatoX"]
[Black "capablanca"]
[Result "0-1"]
[WhiteCountry "ARG"]
[BlackCountry "GER"]
[WhiteElo "1397"]
[WhiteRD "107"]
[BlackElo "1666"]
[BlackRD "54"]
[GameID "179288"]

1. e4 d5 2. exd5 Qxd5 3. Nc3 Qa5 4. Nf3 c6 5. d4 Nf6 6. Bd2 Bf5 7. Be2 Nbd7 8. O-O e6 9. a3 Be7 10. b4 Qc7
11. Bc4 O-O 12. Ne2 Nb6 13. Ng3 Bg4 14. Ba2 Rfd8 15. c3 Ne8 16. Qc2 Nd6 17. Rac1 Nbc4 18. Bb1 g6 19. Qa2 Nxd2 20. Nxd2 Nf5
21. h3 Nxg3 22. hxg4 Nxf1 23. Nxf1 Qf4 24. Ne3 e5 25. g3 Qg5 26. d5 cxd5 27. Re1 d4 28. Nd5 Bd6 29. Qe2 dxc3 30. Nxc3 Rac8
31. Ne4 Qe7 32. g5 a5 33. Nf6+ Kg7 34. Qg4 Rh8 35. Kg2 h6 36. gxh6+ Rxh6 37. Qxc8 Qxf6 38. Qxb7 axb4 39. axb4 Qg5 40. Ba2 Qf5
41. Rh1 Rxh1 42. Kxh1 Qxf2 43. b5 Qxa2 44. b6 Bc5
0-1

[Event "Just a Plain Tournament"]
[Site "SchemingMind.com"]
[Date "2008.11.17"]
[Round "-"]
[White "IncitatoX"]
[Black "CowboyNoel"]
[Result "1-0"]
[WhiteCountry "ARG"]
[BlackCountry "USA"]
[WhiteElo "1436"]
[WhiteRD "98"]
[BlackElo "1260"]
[BlackRD "78"]
[GameID "179289"]

1. e4 e5 2. Nf3 Nc6 3. Bb5 b6 4. c3 Nf6 5. Qe2 Bb7 6. d3 Bc5 7. O-O Qe7 8. Bg5 O-O-O 9. a4 h6 10. Bxf6 gxf6
11. d4 exd4 12. Ba6 d3 13. Qxd3 d5 14. Bxb7+ Kxb7 15. a5 Nxa5 16. b4 Nb3 17. Qa6+ Kc6 18. Qa4+ b5 19. Qxb3 Qxe4 20. bxc5 Ra8
21. Nbd2 Qg6 22. Ne5+ fxe5 23. Ra6+ Kd7 24. Qxd5+ Ke7 25. Rxg6 Rad8 26. Qxe5+ Kf8 27. Qxh8+ Ke7 28. Qxd8+
1-0

[Event "Just a Plain Tournament"]
[Site "SchemingMind.com"]
[Date "2008.11.21"]
[Round "-"]
[White "IncitatoX"]
[Black "bartleby en passant"]
[Result "0-1"]
[WhiteCountry "ARG"]
[BlackCountry "IRL"]
[WhiteElo "1436"]
[WhiteRD "98"]
[BlackElo "1585"]
[BlackRD "90"]
[GameID "179290"]

1. e4 e5 2. Nf3 Nf6 3. Nxe5 d6 4. Nf3 Nxe4 5. d4 d5 6. Bd3 Nc6 7. O-O Bd6 8. Re1 Bf5 9. c4 Bb4 10. Nc3 Bxc3
11. Re2 Bxd4 12. cxd5 Qxd5 13. Nxd4 Nxd4 14. f3 Nxe2+ 15. Qxe2 O-O-O 16. Bxe4 Bxe4 17. Bf4 Bd3 18. Qf2 Rhe8 19. Rc1 Re7 20. Qxa7 Qd4+
0-1

[Event "Just a Plain Tournament"]
[Site "SchemingMind.com"]
[Date "2008.11.17"]
[Round "-"]
[White "IncitatoX"]
[Black "palomo"]
[Result "0-1"]
[WhiteCountry "ARG"]
[BlackCountry "ARG"]
[WhiteElo "1436"]
[WhiteRD "98"]
[BlackElo "1540"]
[BlackRD "90"]
[GameID "179291"]

1. e4 c5 2. Nf3 d6 3. c3 Nf6 4. d3 e6 5. Bg5 Be7 6. Be2 O-O 7. e5 dxe5 8. Nxe5 Qd5 9. Bxf6 Bxf6 10. Nf3 b6
11. O-O Bb7 12. Nbd2 Qd8 13. Nc4 Nd7 14. Qc2 Qc7 15. Ne3 Rfe8 16. Rad1 Nf8 17. Ng4 Qe7 18. Rfe1 Ng6 19. h4 Nxh4 20. Nxh4 Bxh4
21. d4 Rad8 22. Rd2 Qg5 23. g3 Bxg3 24. fxg3 h5 25. Kh2 hxg4 26. Rh1 Qh5+ 27. Kg1 Qxh1+ 28. Kf2 Qg2+ 29. Ke1 Qxg3+ 30. Kd1 Qg1+
0-1

[Event "Just a Plain Tournament"]
[Site "SchemingMind.com"]
[Date "2008.11.16"]
[Round "-"]
[White "IncitatoX"]
[Black "Mikael Hakim"]
[Result "0-1"]
[WhiteCountry "ARG"]
[BlackCountry "INT"]
[WhiteElo "1450"]
[WhiteRD "126"]
[BlackElo "1875"]
[BlackRD "170"]
[GameID "179292"]

1. e4 c5 2. Nf3 Nc6 3. d4 cxd4 4. Nxd4 Nf6 5. Nc3 e5 6. Nf5 d5 7. exd5 Bxf5 8. dxc6 bxc6 9. Bd2 Bc5 10. Bc4 O-O
11. O-O Rb8 12. Bb3 Bg4 13. Ne2 Nd5 14. Kh1 Qb6 15. Bxd5 cxd5 16. b3 Bxf2 17. Rxf2 Qxf2 18. Qc1 Bxe2 19. c4 d4
0-1

[Event "Just a Plain Tournament"]
[Site "SchemingMind.com"]
[Date "2008.11.17"]
[Round "-"]
[White "jtrochez1"]
[Black "IncitatoX"]
[Result "1-0"]
[WhiteCountry "HON"]
[BlackCountry "ARG"]
[WhiteElo "1532"]
[WhiteRD "50"]
[BlackElo "1397"]
[BlackRD "107"]
[GameID "179293"]

1. e4 c5 2. Nf3 Nc6 3. d4 cxd4 4. Nxd4 Nf6 5. Nxc6 bxc6 6. Bd3 e5 7. Be3 d5 8. exd5 cxd5 9. c3 Be7 10. h3 O-O
11. O-O d4 12. cxd4 Bd6 13. dxe5 Bxe5 14. Nc3 Bb7 15. Rc1 Qc7 16. Ne4 Qb8 17. Nxf6+ Bxf6 18. b3 Qe5 19. Rc5 Qe7 20. Re1 g6
21. Rc2 Rfe8 22. Bd2 Rad8 23. Rxe7 Bxe7 24. Bf4
1-0

[Event "Just a Plain Tournament"]
[Site "SchemingMind.com"]
[Date "2008.11.17"]
[Round "-"]
[White "capablanca"]
[Black "IncitatoX"]
[Result "1-0"]
[WhiteCountry "GER"]
[BlackCountry "ARG"]
[WhiteElo "1666"]
[WhiteRD "54"]
[BlackElo "1397"]
[BlackRD "107"]
[GameID "179294"]

1. e4 c5 2. c3 Nc6 3. Nf3 d5 4. d3 d4 5. cxd4 cxd4 6. Nbd2 e5 7. Nb3 Bg4 8. h3 Be6 9. Be2 Nf6 10. Bg5 Be7
11. O-O Rc8 12. Rc1 O-O 13. a3 Nxe4 14. Bxe7 Qxe7 15. dxe4 f5 16. exf5 Bxf5 17. Re1 d3 18. Bxd3 Qf6 19. Bxf5 Qxf5 20. Qd5+ Kh8
21. Nc5 Rcd8 22. Qe4 Qxe4 23. Nxe4 Nd4 24. Nxe5 Kg8 25. Rc7 Rb8 26. Nd6 Rbd8 27. Nxb7 Nb5 28. Rc5
1-0

[Event "Just a Plain Tournament"]
[Site "SchemingMind.com"]
[Date "2008.11.17"]
[Round "-"]
[White "CowboyNoel"]
[Black "IncitatoX"]
[Result "0-1"]
[WhiteCountry "USA"]
[BlackCountry "ARG"]
[WhiteElo "1272"]
[WhiteRD "82"]
[BlackElo "1397"]
[BlackRD "107"]
[GameID "179295"]

1. e4 c5 2. Nf3 Nc6 3. Bb5 Qc7 4. b3 a6 5. Bc4 e6 6. Bb2 b5 7. Be2 d6 8. d4 cxd4 9. Nxd4 Nf6 10. Qd2 Be7
11. Nc3 b4 12. Na4 Nxe4 13. Qf4 Nxd4 14. Bxd4 Qc6 15. Bxg7 Bg5 16. Qf3 Qxc2 17. O-O Rg8 18. Bd4 Bb7 19. Qd3 Qc6 20. Bh5 Nd2
21. Qxh7 Qxg2#
0-1

[Event "Just a Plain Tournament"]
[Site "SchemingMind.com"]
[Date "2008.11.16"]
[Round "-"]
[White "bartleby en passant"]
[Black "IncitatoX"]
[Result "0-1"]
[WhiteCountry "IRL"]
[BlackCountry "ARG"]
[WhiteElo "1585"]
[WhiteRD "90"]
[BlackElo "1436"]
[BlackRD "98"]
[GameID "179296"]

1. d4 Nf6 2. c4 g6 3. Nc3 d5 4. c5 Nc6 5. Nf3 Bg7 6. e3 O-O 7. h3 Re8 8. a3 e5 9. Bb5 Bd7 10. Bxc6 Bxc6
11. Nxe5 Qe7 12. Nxc6 bxc6 13. b4 Rab8 14. O-O a6 15. Qf3 Ne4 16. Ne2 Ng5 17. Qg3 f5 18. f4 Ne4 19. Qe1 g5 20. Ng3 g4
21. Nxf5 Qf6 22. hxg4 a5 23. bxa5 Bf8 24. Bd2 Rb2 25. Bb4 Rc2 26. Ng3 Nxg3 27. Qxg3 Qe7 28. Rae1 Bg7 29. Rf2 Rc4 30. Rfe2 Qe4
31. f5 Rc2 32. Rxc2 Qxc2 33. Qxc7 Re4 34. Qxc6 Rxg4 35. Qxd5+ Kh8 36. Qd8+ Bf8 37. Qxf8+ Rg8 38. Qf6+ Rg7 39. Rf1 Qxg2#
0-1

[Event "Just a Plain Tournament"]
[Site "SchemingMind.com"]
[Date "2008.11.17"]
[Round "-"]
[White "palomo"]
[Black "IncitatoX"]
[Result "1/2-1/2"]
[WhiteCountry "ARG"]
[BlackCountry "ARG"]
[WhiteElo "1540"]
[WhiteRD "90"]
[BlackElo "1436"]
[BlackRD "98"]
[GameID "179297"]

1. e4 c5 2. Nf3 Nc6 3. d4 cxd4 4. Nxd4 Nf6 5. Nc3 a6 6. Bg5 e5 7. Nb3 Be7 8. Be2 b5 9. Bxf6 Bxf6 10. Nd5 O-O
11. O-O Bb7 12. c3 d6 13. Qc2 Rc8 14. f4 b4 15. Bg4 Rb8 16. Rae1 bxc3 17. Qxc3 Ba8 18. Nxf6+ gxf6 19. Qg3 Kh8 20. fxe5 dxe5
21. Bf5 Rg8 22. Qh3 Rg7 23. Re3 Qb6 24. Kh1 Ne7 25. Rg3 Rbg8 26. Rxg7 Rxg7 27. Qh4 Ng6 28. Bxg6 Rxg6 29. h3 Kg7 30. Kh2 a5
31. Rf5 Rh6 32. Rh5 Rxh5 33. Qxh5 a4 34. Qg4+ Kh6 35. Qh4+= Kg7 36. Qg4+ Kh6 37. Qh4+ Kg7 38. Qg4+ Kh6=
1/2-1/2

[Event "Just a Plain Tournament"]
[Site "SchemingMind.com"]
[Date "2008.11.17"]
[Round "-"]
[White "Mikael Hakim"]
[Black "IncitatoX"]
[Result "1-0"]
[WhiteCountry "INT"]
[BlackCountry "ARG"]
[WhiteElo "1875"]
[WhiteRD "170"]
[BlackElo "1450"]
[BlackRD "126"]
[GameID "179298"]

1. e4 c5 2. Nf3 Nc6 3. Bb5 Qc7 4. O-O a6 5. Bxc6 Qxc6 6. Re1 d5 7. exd5 Qxd5 8. Nc3 Qd8 9. d4 cxd4 10. Nxd4 e6
11. Bf4 Bc5 12. Nf5 Qb6 13. Qe2 Nf6 14. Na4 Qa7 15. Nxc5 Qxc5 16. Nxg7+ Ke7 17. Be5 Rg8 18. Bxf6+ Kxf6 19. Nh5+ Ke7 20. Ng3 Bd7
21. b4 Rg6 22. bxc5
1-0